Science Quiz

Random Science or Grab Bag Quiz
Score 0/9 Timer 01:30
2 Plays Today
% Correct
Environmentally Hazardous
88.9%
Explosive
87.6%
Highly Flammable
87.1%
Toxic | Poison
85.3%
Corrosive
84.5%
Radioactive
84.3%
Oxidizer
80.2%
Biohazard
74.8%
Harmful | Irritant
60%
Come Together.
Have Fun.
All Virtual.
We all need to come together. Play Sporcle's virtual live trivia to have fun, connect with people, and get your trivia on. Join a live hosted trivia game for your favorite pub trivia experience done virtually. If a virtual private party is more your thing, go here for details.

You're not logged in!

Compare scores with friends on all Sporcle quizzes.
OR
Log In

Sporcle TV

Today on Sporcle TV


Watch our educational content, quiz creation guides, and fun videos on Sporcle TV.

Show Comments

Extras

Top Quizzes Today


Score Distribution

Paid Content

Your Account Isn't Verified!

In order to create a playlist on Sporcle, you need to verify the email address you used during registration. Go to your Sporcle Settings to finish the process.

Report this User

Report this user for behavior that violates our Community Guidelines.

Details: